Phương pháp chế biến nước ép trái cây

Đã lưu trong:
Bibliografiske detaljer
Hovedforfatter: Hoàng, Hoài Linh
Format: Bog
Sprog:Undetermined
Udgivet: Hà Nội Mỹ Thuật 2004
Fag:
Tags: Tilføj Tag
Ingen Tags, Vær først til at tagge denne postø!
Thư viện lưu trữ: Trung tâm Học liệu Trường Đại học Cần Thơ
LEADER 00541nam a2200193Ia 4500
001 CTU_94928
008 210402s9999 xx 000 0 und d
020 |c 40000 
082 |a 663.42 
082 |b L312 
100 |a Hoàng, Hoài Linh 
245 0 |a Phương pháp chế biến nước ép trái cây 
245 0 |c Hoàng Hoài Linh 
260 |a Hà Nội 
260 |b Mỹ Thuật 
260 |c 2004 
650 |a Beverage industry 
904 |i Trúc 
980 |a Trung tâm Học liệu Trường Đại học Cần Thơ